| 000 | 00702cam a2200217 a 4500 | ||
|---|---|---|---|
| 001 | 000007732 | ||
| 005 | 20200929154258.0 | ||
| 008 | 850426s1974 pr c b 000 0 spa | ||
| 040 |
_aDO-SdBNP _bspa _cLC _dBNPHU |
||
| 082 |
_a338.97295 _bR572h, 1974 |
||
| 100 | 1 |
_aRigual, Nestor. _921410 |
|
| 245 | 1 | 0 |
_aHablan los gobernadores / _cNestor Rigual. |
| 250 | _a3a ed. | ||
| 260 |
_aRío Piedras, Puerto Rico : _bEdil, _c1974. |
||
| 300 |
_a256 p. : _bretrs. ; _c22 cm. |
||
| 651 | 4 |
_aPuerto Rico _xPolítica Económica _921411 |
|
| 651 | 4 |
_aPuerto Rico _xPolítica Social _921412 |
|
| 651 | 4 |
_aPuerto Rico _xPolítica Y Gobierno _y1898-1952. _98024 |
|
| 910 | _aCatalogación por copia / LC | ||
| 049 | _aBNGR | ||
| 999 |
_c7510 _d7510 |
||